000
00303nam a22001457a 4500
003
SGT
082
_a
633
_b
SHA
100
_a
SHARMA,YOGESH KUMAR
245
_a
HANDBOOK OF TOURISM
250
_a
1ST
260
_a
INDIA
_b
POINTER PUB.
_c
2017
300
_a
216
650
_a
TOURISM
942
_2
ddc
_c
BK
999
_c
28559
_d
28559